| 000 | 01854cam a22003131 4500 | ||
|---|---|---|---|
| 001 | gs 41000004 | ||
| 003 | DLC | ||
| 005 | 20260227111346.0 | ||
| 008 | 780417s1940 ksuabf 000 0 eng c | ||
| 010 | _ags 41000004 | ||
| 035 | _a(OCoLC)3807370 | ||
| 040 |
_aU. S. Geol. Survey. Library. _cTxEU _dOCoLC _dDLC |
||
| 050 | 0 | 0 |
_aQE113 _b.A2 no. 27 |
| 082 | _a(557.81) 551.49 | ||
| 100 | 1 |
_aMoore, Raymond C. _q(Raymond Cecil), _d1892-1974. |
|
| 245 | 1 | 0 |
_aGround-water resources of Kansas / _cby Raymond C. Moore, with chapters by S. W. Lohman, J. C. Frye, H. A. Waite, T. G. McLaughlin and Bruce Latta. |
| 260 |
_aTopeka, Kansas : _bW. C. Austin, state printer, _c1940. |
||
| 300 |
_a112 p. : _bincl. illus., plates, diagrs, fold. maps ; _c23 cm. |
||
| 490 | 0 | _a(Kansas. State geological survey. Bulletin 27) | |
| 500 | _aUniversity of Kansas Publications, vol. 1940 no. 2 June 25, 1940. | ||
| 501 |
_aWith : Exploration for oil and gas in western Kansas during 1939 ..., 1940 -- Asphalt rock in eastern Kansas, 1940 -- Oil and gas in Linn County, Kansas / by John. M. Jewett, with chapters by Wallace Lee and R. P. Keroher, 1940 -- Oil and gas in Montgomery County, Kansas / by G. E. Abernathy, with chapters by R. P. Keroher and Wallace Lee, 1940 -- Coal resources of Kansas : post-Cherokee deposits, 1940 -- Subsurface Mississippian rocks of Kansas / by Wallace Lee ; with Report on fossils of Mississippian age from well cores in western Kansas, by George H. Girty, 1940. Bound together subsequent to publication. _5DLC |
||
| 650 | 0 |
_aGroundwater _zKansas. |
|
| 650 | 0 |
_aWater-supply _zKansas. |
|
| 700 | 1 |
_aLohman, Stanley William, _d1907- . |
|
| 700 | 1 |
_aFrye, John Chapman, _d1912- |
|
| 700 | 1 |
_aWaite, Herbert Ames, _d1910- . |
|
| 700 | 1 |
_aMcLaughlin, Thad G. _q(Thad Gerald), _d1913- |
|
| 700 | 1 |
_aLatta, Bruce Ferrell, _d1916- . |
|
| 999 |
_c27682 _d27682 |
||